สุดยอดวิธีอ่านตำรา [2nd] (ระเบียนเลขที่ 9237)
| 000 -LEADER | |
|---|---|
| fixed length control field | 00858nam a22002297a 4500 |
| 005 - DATE AND TIME OF LATEST TRANSACTION | |
| control field | 20210325180419.0 |
| 008 - FIXED-LENGTH DATA ELEMENTS--GENERAL INFORMATION | |
| fixed length control field | s2542 th tha d |
| 020 ## - INTERNATIONAL STANDARD BOOK NUMBER | |
| International Standard Book Number | 9748669165 |
| 041 ## - LANGUAGE CODE | |
| Language code of text/sound track or separate title | tha |
| 050 ## - LIBRARY OF CONGRESS CALL NUMBER | |
| Classification number | PE1128 ว836ส 2542 |
| 100 0# - MAIN ENTRY--PERSONAL NAME | |
| Personal name | วีรวุธ มาฆะศิรานนท์ |
| 245 10 - TITLE STATEMENT | |
| Title | สุดยอดวิธีอ่านตำรา [2nd] |
| 246 ## - VARYING FORM OF TITLE | |
| Title proper/short title | Text book speed reading |
| 260 3# - PUBLICATION, DISTRIBUTION, ETC. | |
| Place of publication, distribution, etc. | กรุงเทพฯ : |
| Name of publisher, distributor, etc. | เอ็กซเปอร์เน็ทบุ๊คส์, |
| Date of publication, distribution, etc. | 2542 |
| 300 ## - PHYSICAL DESCRIPTION | |
| Extent | 121 หน้า : |
| Other physical details | ภาพประกอบ, แผนภูมิ, ตาราง ; |
| Dimensions | 21 ซม. |
| 650 04 - SUBJECT ADDED ENTRY--TOPICAL TERM | |
| Topical term or geographic name entry element | การอ่าน |
| 650 04 - SUBJECT ADDED ENTRY--TOPICAL TERM | |
| Topical term or geographic name entry element | ภาษาอังกฤษ -- การอ่าน |
| 850 ## - HOLDING INSTITUTION | |
| Holding institution | NALT |
| 942 ## - ADDED ENTRY ELEMENTS (KOHA) | |
| Koha item type | General Book |
| 997 ## - | |
| -- | 000000000009237 |
| 998 ## - LOCAL CONTROL INFORMATION (RLIN) | |
| -- | AREERAT |
| Withdrawn status | Lost status | Damaged status | Not for loan | Collection code | Home library | Current library | Cost, normal purchase price | Total Checkouts | Full call number | Barcode | Date last seen | Cost, replacement price | Price effective from | Koha item type |
|---|---|---|---|---|---|---|---|---|---|---|---|---|---|---|
| General Book collection | National Assembly Library of Thailand | National Assembly Library of Thailand | 170.00 | PE 1128 ว836ส 2542 | 3961129011 | 09/06/2017 | 220.00 | 09/06/2017 | General Book |
